Charlie y la fábrica de chocolate (Registro nro. 7334)
[ vista simple ]
| 000 -CABECERA | |
|---|---|
| Longitud fija campo de control | 00663nam a2200229 a 4500 |
| 003 - • IDENTIFICADOR DELl NÚMERO DE CONTROL | |
| Identificador del número de control | CO-ViMGA |
| 008 - • CÓDIGOS DE INFORMACIÓN DE LONGITUD FIJA | |
| Códigos de información de longitud fija | 141112s2004 ck r 000 u spa d |
| 020 ## - • NÚMERO INTERNACIONAL NORMALIZADO PARA LIBROS | |
| Número Internacional Normalizado para Libros (ISBN) | 9789587434941 |
| 040 ## - FUENTE DE LA CATALOGACIÓN | |
| Centro catalogador de origen | CO-ViMGA |
| Lengua de catalogación | spa |
| Centro transcriptor | CO-ViMGA |
| 082 04 - • NÚMERO DE LA CLASIFICACIÓN DECIMAL DEWEY | |
| Número de clasificación (R) | I 823.91 |
| Número del ítem | D145c |
| 100 1# - • PUNTO DE ACCESO PRINCIPAL-NOMBRE DE PERSONA | |
| Nombre de persona | Dahl, Roald |
| 245 10 - • TITULO PROPIAMENTE DICHO | |
| Título | Charlie y la fábrica de chocolate |
| 300 ## - • DESCRIPCIÓN FÍSICA | |
| Extensión | 231 p. il |
| 490 ## - • MENCIÓN DE SERIE | |
| Mención de serie | Coleccion Roald Dahl |
| 500 ## - • NOTA GENERAL | |
| Nota general | A partir de 12 años. |
| 590 ## - NOTAS LOCALES | |
| Nota local | Forma de adquisición : Compra 2005 - - Precio : |
| 650 14 - • PUNTO DE ACCESO ADICIONAL DE MATERIA - TÉRMINO DE MATERIA | |
| Término de materia o nombre geográfico como elemento inicial | CUENTOS INFANTILES INGLESES |
| 700 1# - • PUNTO DE ACCESO ADICIONAL - NOMBRE DE PERSONA | |
| Nombre de persona | Blake, Quentin, |
| Término indicativo de función | Il. |
| 942 ## - ENTRADA DE ELEMENTOS AGREGADOS (KOHA) | |
| Fuente de clasificaión o esquema | Dewey Decimal Classification |
| Koha [por defecto] tipo de item | LIbro |
| Perdido | Fuente de clasificación o esquema | Estado Físico | No para préstamo | Forma de adquisición | Localización permanente | Localización actual | Fecha adquisición | Préstamos totales | Signatura completa | Código de barras | Fecha última consulta | Número de copia | Fecha del precio de reemplazo | Tipo de item de Koha |
|---|---|---|---|---|---|---|---|---|---|---|---|---|---|---|
| Dewey Decimal Classification | Sala General Segundo Piso | Biblioteca Pública Germán Arciniegas - Villavicencio | Biblioteca Pública Germán Arciniegas - Villavicencio | 01/31/2017 | I 823.91 D145c | 31437 | 01/31/2017 | Ej. 1 | 01/31/2017 | LIbro | ||||
| Dewey Decimal Classification | Colección General | Biblioteca Pública Medellin del Ariari - El Castillo | Biblioteca Pública Medellin del Ariari - El Castillo | 11/06/2024 | DAH1 Ej.1 | BM0000023 | 11/06/2024 | Ej.1 | 11/06/2024 | LIbro |